| 000 | 01527cam a2200157 4500500 | ||
|---|---|---|---|
| 005 | 20260208005938.0 | ||
| 041 | _afre | ||
| 042 | _adc | ||
| 100 | 1 | 0 |
_aAutrand, Michel _eauthor |
| 245 | 0 | 0 | _aSur la légende du drame romantique |
| 260 | _c2008. | ||
| 500 | _a28 | ||
| 520 | _aHéritier d’un art de l’extrait qui existe depuis l’Antiquité, Montesquieu accumule les notes de lecture et constitue des recueils dans lesquels il consigne librement toutes sortes d’informations. L’examen du catalogue de sa bibliothèque à la Brède témoigne aussi de l’influence des recueils imprimés de lieux communs, tradition qui s’est développée en Europe depuis la période humaniste. Le classement de ces recueils dans les rubriques de son catalogue rappelle l’origine rhétorique de telles compilations et révèle également l’évolution du genre vers l’ouvrage de référence à vocation encyclopédique. Comme ses contemporains, Montesquieu entretient un rapport distant et critique avec la compilation et la citation. Cette tradition n’en demeure pas moins l’horizon à partir duquel s’élaborent non seulement ses méthodes de travail mais aussi un rapport spécifique à la composition et un style marqué par la condensation et la relative autonomie des formules. | ||
| 786 | 0 | _nRevue d'histoire littéraire de la France | 108 | 4 | 2008-12-21 | p. 821-847 | 0035-2411 | |
| 856 | 4 | 1 | _uhttps://shs.cairn.info/revue-d-histoire-litteraire-de-la-france-2008-4-page-821?lang=fr&redirect-ssocas=7080 |
| 999 |
_c1654487 _d1654487 |
||